000 00446nam a2200181Ia 4500
008 090124s9999 xx 000 0 und d
082 _b46568
100 _aदिवाण वृंदा
245 _a दालन
250 _a1
260 _c2008
300 _a180
600 _aदिवाण वृंदा
630 _a दालन
700 _aदिवाण वृंदा
730 _a दालन
942 _cBOOK
999 _c112773
_d112773